000 00315nam a22001457a 4500
008 210312b ||||| |||| 00| 0 eng d
020 _a9780132106344
041 _aeng
080 _27th
_a338
082 _27th
_a338
100 _a54
101 _aMEN
245 _aModern Managment
_cCerto,C.S
942 _2udc
_cBK
999 _c56473
_d56473